000 00758nam a2200205 a 4500
001 80796
003 BD-RjUL
005 20221117132517.0
008 221117s2020 bg ||||| |||| 00| 0 ben d
035 _a(BD-RjUL)80796
040 _aBD-RjUL
_beng
_cBD-RjUL
041 _aben
082 _223
_a954.9205
_bANM 2020
100 _aবেগম, এস. এম. আনোয়ারা
_95890
245 _aমাদার অব হিউম্যানিটি শেখ হাসিনা /
_cএস. এম. আনোয়ারা বেগম
260 _aঢাকা :
_bন্যাশনাল পাবলিকেশন,
_c২০২০
600 _aহাসিনা, শেখ
_9954
600 _aHasina, Sheikh
_94384
942 _2ddc
_cBK
999 _c80796
_d80796